[Т. 1] : Механика: учебное пособие для университетов; Общий курс физики

Bibliografske podrobnosti
Parent link:Общий курс физики: учебное пособие. [Т. 1] : Механика.— , 1965-
Glavni avtor: Стрелков С. П. Сергей Павлович
Jezik:ruščina
Izdano: 1965
Izdaja:2-е изд., перераб.
Teme:
Format: MixedMaterials Knjiga
KOHA link:https://koha.lib.tpu.ru/cgi-bin/koha/opac-detail.pl?biblionumber=261347

MARC

LEADER 00000nam0a2200000 4500
001 261347
005 20231101233545.0
035 |a (RuTPU)RU\TPU\book\284323 
035 |a RU\TPU\book\271957 
035 |a RU\TPU\book\277337 
090 |a 261347 
100 |a 20140522d1965 m y0rusy50 ca 
101 0 |a rus 
102 |a RU 
105 |a a j 000zy 
200 0 |a [Т. 1] : Механика  |e учебное пособие для университетов 
205 |a 2-е изд., перераб. 
210 |d 1965 
215 |a 526 с.  |c ил. 
461 |t Общий курс физики  |o учебное пособие  |v [Т. 1] : Механика  |d 1965- 
606 1 |a Механика  |2 stltpush  |3 (RuTPU)RU\TPU\subj\67812  |9 83462 
606 1 |a Физика  |2 stltpush  |3 (RuTPU)RU\TPU\subj\63709  |9 80688 
610 1 |a твердые тела 
610 1 |a движение 
610 1 |a законы динамики 
610 1 |a работа 
610 1 |a энергия 
610 1 |a силы трения 
610 1 |a относительное движение 
610 1 |a тяготение 
610 1 |a деформируемые тела 
610 1 |a жидкие тела 
610 1 |a газообразные тела 
610 1 |a колебания 
610 1 |a акустика 
610 1 |a специальная теория относительности 
610 1 |a учебные пособия 
610 1 |a волны 
675 |a 53(075.8)  |v 3 
675 |a 531(075.8)  |v 3 
700 1 |a Стрелков  |b С. П.  |g Сергей Павлович 
801 1 |a RU  |b 63413507  |c 20140208 
801 2 |a RU  |b 63413507  |c 20210129  |g RCR 
942 |c BK